logo

Bir Sreshtho Munshi Abdur Rouf Library
Jhenaidah Cadet College

রহস্যলীনা : (Record no. 12530)

MARC details
000 -LEADER
fixed length control field 00783nam a2200217 a 4500
001 - CONTROL NUMBER
JCCL Control Number 12530
003 - CONTROL NUMBER IDENTIFIER
JCCL marc code BD-JhCC
005 - DATE AND TIME OF LATEST TRANSACTION
control field 20230806195119.0
008 - FIXED-LENGTH DATA ELEMENTS--GENERAL INFORMATION
fixed length control field 220725s2022 bd |||| |||| 000 0 ban d
020 ## - INTERNATIONAL STANDARD BOOK NUMBER
International Standard Book Number 9789849625827
035 ## - SYSTEM CONTROL NUMBER
system control number (BD-JhCC)12530
040 ## - CATALOGING SOURCE
Original cataloging agency BD-JhCC
Modifying agency BD-JhCC
041 ## - LANGUAGE CODE
Language code of Book ban
082 ## - DEWEY DECIMAL CLASSIFICATION NUMBER
Classification number 891.4435
Author mark and Year RAH 2022
245 ## - TITLE STATEMENT
Title রহস্যলীনা :
Remainder of title অল্প কথায় রহস্য গল্প /
Statement of responsibility, etc সম্পদনায় ফৌজিয়া খান তামান্না
260 ## - PUBLICATION, DISTRIBUTION, ETC. (IMPRINT)
Place of publication, distribution, etc ঢাকা :
Name of publisher, distributor, etc চলন্তিকা,
Date of publication, distribution, etc ২০২২
300 ## - PHYSICAL DESCRIPTION
Pagination ২৪৮ পৃ. :
Dimensions ২১ সেমি.
650 ## - SUBJECT ADDED ENTRY--TOPICAL TERM
Topical term or geographic name as entry element Detective Stories
700 ## - ADDED ENTRY--PERSONAL NAME
Personal name তামান্না, ফৌজিয়া খান
942 ## - ADDED ENTRY ELEMENTS (KOHA)
Source of classification or shelving scheme Dewey Decimal Classification
Koha item type Books
Koha issues (borrowed), all copies 1
Holdings
Source of classification or shelving scheme volume number Damaged status Not for loan Home library Current library Shelving location Date of accession Cost, normal purchase price Total Checkouts Full call number Barcode Date last seen Date checked out Copy number Koha item type
Dewey Decimal Classification V-3     JCC Rouf Library JCC Rouf Library General Stacks 07/24/2022 378.00 15 891.4435 RAH 2022 17514 07/22/2025 07/15/2025 C-1 Books
Dewey Decimal Classification       JCC Rouf Library JCC Rouf Library General Stacks 10/19/2022 378.00 6 891.4435 RAH 2022 17517 02/08/2026 11/02/2025 C-1 Books

JCC Library | Contacts | JCC Home

Last Update on 23 September 2017
Copyright @ 2017-2020 JCC Rouf Library
Rouf Library, Jhenidah Cadet College (JCC), Bangladesh